01144nam a2200253 a 450000100100000000500170001000800410002702000150006804000250008308200160010824501690012426000350029330000210032850400730034950400330042270000300045570000400048570000440052504900090056971000610057895201140063995201200075399900170087300002250120251120073732.0101012s1999 dr 000 0 spa d a8489548528 aDO-SdBNPbspacBNPHU axxxxbR426d03aLa República Dominicana en el umbral del siglo XXI :bcultura, política y cambio social /ceditores Ramonina Brea, Rosario Espinal y Fernando Valerio Holguín. aSanto Domingo :bPUCMM,c1999. a548 p. ;c23 cm. aIncluye referencias bibliográficas y notas al pie de las páginas aBibliografías : p. 541-5431 aBrea, Ramoninaeed.983191 aEspinal, Rosariod1955-eed.9438691 aValerio Holguín, Fernandoeed.919580 aBNPD2 aPontificia Universidad Católica Madre y Maestra 9843 0010718PDaPDbPDcCTd2010-10-12iLF1l0oxxxx R426dp22501-10r2020-06-25w2020-06-25yLFPDZNo se presta 0010718PDaPDbPDcCTd2010-10-12iLF1l0oxxxx R426dp22501-20r2020-06-25te. 2w2020-06-25yLFPDZNo se presta c21999d21999